000 00663cam a22002531 4500
001 sa 67007758
003 DLC
005 20260227112418.0
008 891017s1966 ii b 000 0 gujo
010 _asa 67007758
035 _a(OCoLC)20504092
040 _aDLC
_cWaU
_dDLC
042 _apremarc
043 _aa-ii---
050 0 0 _aPK1850
_b.M4
100 1 _aMehtā, Kuñjvihārī Cū.,
_d1923-
245 1 0 _aSāhityasvarūpo.
260 _c[1966]
300 _a8, 597 p.
_c19 cm.
500 _aIn Gujarati.
504 _aBibliographical footnotes.
650 0 _aGujarati prose literature
_xHistory and criticism.
700 1 _aPatel, Jayant,
_d1936-
999 _c76772
_d76772